<?xml version="1.0" encoding="UTF-8"?>
<collection xmlns="http://www.loc.gov/MARC21/slim">
<record>
  <controlfield tag="001">129395</controlfield>
  <controlfield tag="005">20240503120757.0</controlfield>
  <datafield tag="024" ind1="7" ind2=" ">
    <subfield code="2">doi</subfield>
    <subfield code="a">10.22370/riace.2023.12.1.4039</subfield>
  </datafield>
  <datafield tag="024" ind1="8" ind2=" ">
    <subfield code="2">sideral</subfield>
    <subfield code="a">135620</subfield>
  </datafield>
  <datafield tag="037" ind1=" " ind2=" ">
    <subfield code="a">ART-2023-135620</subfield>
  </datafield>
  <datafield tag="041" ind1=" " ind2=" ">
    <subfield code="a">spa</subfield>
  </datafield>
  <datafield tag="100" ind1=" " ind2=" ">
    <subfield code="a">Jarne Jarne, José</subfield>
    <subfield code="u">Universidad de Zaragoza</subfield>
    <subfield code="0">(orcid)0000-0003-0334-192X</subfield>
  </datafield>
  <datafield tag="245" ind1=" " ind2=" ">
    <subfield code="a">Evolución de la comunicación de información corporativa en páginas web de compañías cotizadas latinoamericanas</subfield>
  </datafield>
  <datafield tag="260" ind1=" " ind2=" ">
    <subfield code="c">2023</subfield>
  </datafield>
  <datafield tag="506" ind1="0" ind2=" ">
    <subfield code="a">Access copy available to the general public</subfield>
    <subfield code="f">Unrestricted</subfield>
  </datafield>
  <datafield tag="520" ind1="3" ind2=" ">
    <subfield code="a">La transparencia corporativa es de mucha relevancia en un contexto de negocios mutinacionales y ha sufrido cambios a lo largo del tiempo. En este sentido, las prácticas de revelación que realicen las empresas son relevantes, en su forma y fondo, especialmente en mercados donde la regulación es diversa y la práctica de divulgación voluntaria sigue siendo amplia. Este trabajo tiene por objetivo evaluar la comunicación corporativa realizada en sitios web de 106 empresas latinas en dos momentos a lo largo del tiempo (2008 y 2018) y pone de manifiesto la relevancia del uso de la web como mecanismo de transparencia corporativa en compañías cotizadas de Argentina, Brasil, Chile y México. Existen diferencias significativas en los resultados de la muestra, observamos un gran desarrollo del asunto en Brasil e importantes avances en las divulgaciones no financieras. Entre las conclusiones se abre el debate del contenido a revelar y la necesidad de avanzar hacia regulaciones que mejoren los contenidos mínimos a divulgar en web corporativas, especialmente considerando la región y no países de forma aislada.</subfield>
  </datafield>
  <datafield tag="540" ind1=" " ind2=" ">
    <subfield code="9">info:eu-repo/semantics/openAccess</subfield>
    <subfield code="a">by</subfield>
    <subfield code="u">http://creativecommons.org/licenses/by/3.0/es/</subfield>
  </datafield>
  <datafield tag="655" ind1=" " ind2="4">
    <subfield code="a">info:eu-repo/semantics/article</subfield>
    <subfield code="v">info:eu-repo/semantics/publishedVersion</subfield>
  </datafield>
  <datafield tag="700" ind1=" " ind2=" ">
    <subfield code="a">Morales Parada, Fernando</subfield>
  </datafield>
  <datafield tag="710" ind1="2" ind2=" ">
    <subfield code="1">4002</subfield>
    <subfield code="2">230</subfield>
    <subfield code="a">Universidad de Zaragoza</subfield>
    <subfield code="b">Dpto. Contabilidad y Finanzas</subfield>
    <subfield code="c">Área Economía Finan. y Contab.</subfield>
  </datafield>
  <datafield tag="773" ind1=" " ind2=" ">
    <subfield code="g">12, 1 (2023), 1-13</subfield>
    <subfield code="t">Revista de Investigación Aplicada en Ciencias Empresariales</subfield>
    <subfield code="x">0719-3084</subfield>
  </datafield>
  <datafield tag="856" ind1="4" ind2=" ">
    <subfield code="s">330265</subfield>
    <subfield code="u">http://zaguan.unizar.es/record/129395/files/texto_completo.pdf</subfield>
    <subfield code="y">Versión publicada</subfield>
  </datafield>
  <datafield tag="856" ind1="4" ind2=" ">
    <subfield code="s">505099</subfield>
    <subfield code="u">http://zaguan.unizar.es/record/129395/files/texto_completo.jpg?subformat=icon</subfield>
    <subfield code="x">icon</subfield>
    <subfield code="y">Versión publicada</subfield>
  </datafield>
  <datafield tag="909" ind1="C" ind2="O">
    <subfield code="o">oai:zaguan.unizar.es:129395</subfield>
    <subfield code="p">articulos</subfield>
    <subfield code="p">driver</subfield>
  </datafield>
  <datafield tag="951" ind1=" " ind2=" ">
    <subfield code="a">2024-05-03-12:04:36</subfield>
  </datafield>
  <datafield tag="980" ind1=" " ind2=" ">
    <subfield code="a">ARTICLE</subfield>
  </datafield>
</record>
</collection>